| 000 | 01177nam a2200325 a 4500 | ||
|---|---|---|---|
| 001 | 000114543 | ||
| 003 | CHAP | ||
| 005 | 20220329144445.0 | ||
| 008 | 180302s2017 mx a fsm |||||||spa d | ||
| 010 | _a111004 | ||
| 011 | _a111976 | ||
| 040 | _cCHAP | ||
| 090 | _aTesis | ||
| 100 | 1 |
_aOlvera Licona, Guadalupe _9130083 |
|
| 245 | 1 | 0 |
_aDiseño de prototipos de viviendas de madera de interés social en México / _h[En línea] _cpor Guadalupe Olvera Licona. |
| 260 |
_aChapingo, Méx. : _bEl autor, _c2017. |
||
| 500 | _aPara ver el contenido del material haga clic en la liga | ||
| 502 | _aTesis (M.C. Forestales) -- UACH. División de Ciencias Forestales | ||
| 590 |
_aE8697GMM _b05 _c20180302 _lUCH01 _h0937 |
||
| 590 |
_aE8697GMM _b05 _c20180302 _lUCH01 _h0939 |
||
| 590 |
_aE8697GMM _b05 _c20180302 _lUCH01 _h1152 |
||
| 590 |
_aE8697GMM _b05 _c20180302 _lUCH01 _h1207 |
||
| 650 | 1 | 4 |
_aArquitectura doméstica _xProyectos y planos. _97377 |
| 650 | 1 | 4 |
_aConstrucción de viviendas _zMéxico. _9133641 |
| 650 | 1 | 4 |
_aVivienda _zMéxico. _9120153 |
| 856 |
_aFinding aid _uhttp://10.13.5.2/tesis/sist114543.pdf _zTeclea aquí |
||
| 901 | _aBK | ||
| 942 | _cTESIS | ||
| 942 | _n0 | ||
| 999 |
_c111004 _d111004 |
||